| 000 | 00792nam a2200289Ia 4500 | ||
|---|---|---|---|
| 008 | 171120s9999 xx 000 0 und d | ||
| 020 | _a9.7807534319e+012 | ||
| 050 | _a32 | ||
| 050 | _bC454 2011 | ||
| 100 | _aChancellor, Deborah | ||
| 245 | _aEverything you need to know : | ||
| 245 | _ban encyclopedia for inquiring young minds / | ||
| 245 | _cby Deborah Chancellor. | ||
| 260 | _aLondon : | ||
| 260 | _bKingfisher, | ||
| 260 | _c2011 | ||
| 300 | _a320 pages : | ||
| 300 | _bcolor illustrations ; | ||
| 300 | _c27cm. | ||
| 500 | _aIncludes index. | ||
| 650 | _aChildren's encyclopedias and dictionaries. | ||
| 650 | _aCuriosities and wonders -- | ||
| 650 | _aScience -- | ||
| 650 | _xJuvenile literature. | ||
| 650 | _xJuvenile literature. | ||
| 700 | _aTitle. | ||
| 999 |
_c345076 _d345076 |
||